Rôles Loup-Garou Uhc - Statistiques

Statistiques générales
  • Ce quiz a été pris 208 fois
    185 depuis la dernière actualisation
  • Le résultat moyen est 17 sur 31
Statistiques - réponses
Rôles % Correct
Vilain petit loup
97%
Sorcière
89%
Loup-garou
88%
Voyante
88%
Loup-garou blanc
87%
Simple villageois
86%
Infect père des loups
77%
Petite fille
76%
Assassin
75%
Ange
70%
Cupidon
68%
Voleur
68%
Ancien
64%
Chasseur
60%
Renard
58%
Salvateur
55%
Montreur d'ours
54%
Enfant sauvage
51%
Soeur
51%
Loup-garou perfide
49%
Loup-garou feutré
45%
Citoyen
39%
Corbeau
38%
Trublion
32%
Idiot du village
29%
Loup-garou amnésique
28%
Voyante bavarde
28%
Détective
24%
Chaman
22%
Rival
21%
Loup-garou mystique
18%
Aucun quiz correspondant
Distribution des résultats
% des personnes avec chaque résultat
Percentile par nombre de réponses
Votre historique - résultats
Vous n’avez pas pris ce quiz depuis la dernière actualisation